000 01019nam a2200301 a 4500
001 BD-DhNSU-30953
003 BD-DhNSU
005 20260422163839.0
008 260406s1975 bg ||||g vwg| 000 0|eng d
040 _aDLC
_cBD-DhNSU
_dBD-DhNSU
041 _aeng
050 0 0 _aKNG19
_b.A2D33 1975
245 0 4 _aThe Dacca law reports :
_b(a monthly law journal) ,
_nVol. 27 /
_cedited by Obaidul Huq Chowdhury.
246 0 _aDLR :
_bVolume XXVII
260 _aDhaka :
_bDacca Law Reports,
_cc1975.
300 _avp ;
_c25 cm.
500 _a"A journal of law reports."
500 _aCit. 27 DLR (AD); 27 DLR etc.
526 0 _aLaw
590 _aNuri Mahajabi
590 _aSumaiya Kainat Bintey Kohinoor
650 0 _aLaw reports, digests, etc.
_zBangladesh.
650 0 _aLaw reports, digests, etc.
_zIndia
_zBengal.
700 _aChowdhury, Obaidul Huq
_eeditor
710 2 _aBangladesh.
_bThe Appellate Division, Supreme Court.
710 2 _aEast Pakistan (Pakistan).
_bHigh Court of Judicature.
942 _2lcc
_cBK
999 _c30953
_d30953